00670nam a2200193Ia 4500003000900000008004100009020001800050040001600068080001800084100002500102245013300127260004800260300001500308650001900323650001600342942000700358999001700365952009400382IN-BaIIA211028s9999 xx 000 0 eng d a0-521-39426-0 cIIA Library a524.7-34bSAS aSaslaw, W. C.924178 0aDistribution of the galaxiesbgravitational clustering in cosmologycW. C. Saslaw  aCambridgebCambridge University Pressc2000 axii, 508p. agalaxies91286 agravitation cBK c13776d13776 00104070aBANbHOScGENd0000-00-00l0o524.7-34/SASp14695r2021-11-05w0000-00-00yBK